Михаил Арнаудов дава интервю в дома си (Запис номер 346202)
[ съкратено ]
| 000 -Лидер | |
|---|---|
| Контролно поле с фиксирана дължина | nkm a22 a 4500 |
| 003 - Код на организацията, давaща контролен номер | |
| Контролно поле | BLK |
| 005 - Дата и час на последна редакция | |
| Контролно поле | 20230209163848.0 |
| 008 - Елементи от данни с фиксирана дължина | |
| fixed length control field | 191025b bu ||||| |||| 00| 0 bu d |
| 040 ## - Източник на каталожния запис | |
| Идентификатор на билиотеката - собственик на записа | BLK |
| 041 ## - Код за език | |
| Код за езика на текст/звукозапис или на отделно заглавие | Български |
| Код за езика КДБФ | Български |
| 080 ## - УДК | |
| Текстов определител УДК | Портретна фотография |
| УДК код - определител по УДК | 77.041.5 |
| 245 ## - Сведения за заглавието | |
| Заглавие | Михаил Арнаудов дава интервю в дома си |
| 300 ## - Физическа характеристика | |
| Размери/Мащаб | 23 Х 18 см |
| 380 ## - Жанр | |
| Жанр | Изкуство |
| 490 ## - СЕРИИ (Колекции) | |
| 9 (RLIN) | 396381 |
| Име на серия | Частна колекция - Академик Михаил Арнаудов |
| Бележки за серията | Дарение - Основен фонд |
| 505 ## - Форматирана забележка | |
| Заглавие | Снимка с надпис на гърба у дома ул. Славянска, 7, вх. Б 1977 |
| 852 ## - Местоположение | |
| Форматна сигнатура | МА 5069 |
| 999 ## - СИСТЕМНИ КОНТРОЛНИ НОМЕРА | |
| Koha biblionumber | 346202 |
| Koha biblioitemnumber | 346202 |
| 942 ## - АРТИКУЛИ | |
| Вид на библиотечния материал | Фотографии (фотографски изображения, снимки) |
| Скрит в OPAC | Не |
| Периодичен библиозапис | Да |
| Koha issues (borrowed), all copies | 1 |
| Код за отписване | Код за изгубен артикул | Източник на класификационната схема | Код за повреда | Коз за рестрикции | Код за отдаване | Артикулен № | Име на библиотеката - собственик | Име на библиотеката, в която се намира в момента | Статус (Текущо местоположение) | Дата на вписване в системата | Местоположение - отдел | Цена в лева | Систематично азбучна сигнатура | Баркод | Цена в евро | Служебен тип на артикула |
|---|---|---|---|---|---|---|---|---|---|---|---|---|---|---|---|---|
| Не е изгубен | Universal Decimal Classification | Не е повреден | само за читалня | Специални фондове ( старопечатни, редки и ценни, фонд М. Арнаудов) | 748302 | Регионална библиотека "Любен Каравелов" Русе | Регионална библиотека "Любен Каравелов" Русе | Фонд "Михаил Арнаудов" | 2019-10-30 | Фонд "Михаил Арнаудов" | 8.00 | МА 5069 | 120000837196 | 4.09 | Фотографии (фотографски изображения, снимки) |